000 01093cam a2200265 4500
001 6058
021 _b34447/90
090 _a6058
100 _a20211231d1990 a||y0pory5003 ba
200 1 _aO meu amigo lama
_eViagem aos Andes
_fMaryse Lamigeon
_gtrad. e adapt. Judite Cardoso
_gconsultor pedagógico Ernesto Campos
205 _a2ªed
210 9 _aPorto
_cAsa
_d1990
215 _a[41]p.
_cmuito il.
_d32 cm
225 2 _aViagens à volta do mundo
_v3
330 _aPaco, um rapazinho do Equador, dirige-se ao mercado de Quito, para vender batatas. pelo caminho, encontra um lama que procura a aldeia onde se celebra a Festa da Dança do Lama. Curioso e desejoso de ver o local, Paco segue-o e faz uma viagem extraordinária ao país dos Incas.
606 _914
_aLiteratura infantil
606 _913
_aLiteratura Estrangeira
675 _a82-93
_vBN
_zpor
675 _a821.1/.8
_vBN
_zpor
700 _aLamigeon
_bMaryse
_95386
_f1957-
702 _aCampos
_bErnesto
_f1934-
_95762
702 _aCardoso
_bMaria Judite
_94400
801 0 _aPT
_bBMVN
_gRPC
830 _cAna Caetano
_d31/12/2021
990 _cLIVROS